21 kaedah mendidik anak cemerlang

Bibliographic Details
Main Author: Mohd Fadzilah Kamsah, Dato'
Other Authors: Muhammad Zakaria
Format: Book
Published: Kuala Lumpur : Telaga Biru , 2005
Subjects:

MARC

LEADER 00000cam a2200000 7i4500
001 0000012102
005 20080122.0
020 |a 9834244800 
090 0 0 |a 649.1   |b MOH 
100 0 |a Mohd Fadzilah Kamsah, Dato' 
245 1 0 |a 21 kaedah mendidik anak cemerlang   |c Dato' Dr Hj Mohd Fadzliah Kamsah, Muhammad Zakaria 
246 0 |a Dua puluh satu kaedah mendidik anak cemerlang 
260 |a Kuala Lumpur :   |b Telaga Biru ,   |c 2005 
650 0 |a Child rearing-Religious aspects-Islam 
650 0 |a Parenting- Religious aspects-Islam 
700 1 |a Muhammad Zakaria 
999 |a 0000936612   |b Book   |c Adult Collection   |e Cawangan Bandar Tenggara 
999 |a 0000940597   |b Book   |c Adult Collection   |e Cawangan Taman Sri Lambak 
999 |a 0000940598   |b Book   |c Adult Collection   |e Cawangan Taman Sri Lambak 
999 |a 0001004415   |b Book   |c Adult Collection   |e Perbadanan Perpustakaan Awam Johor 
999 |a 0001004416   |b Book   |c Adult Collection   |e Perbadanan Perpustakaan Awam Johor 
999 |a 0001004419   |b Book   |c Adult Collection   |e Perbadanan Perpustakaan Awam Johor 
999 |a 0001016114   |b Book   |c Adult Collection   |e Cawangan Mersing 
999 |a 0001016115   |b Book   |c Adult Collection   |e Cawangan Mersing 
999 |a 0001016116   |b Book   |c Adult Collection   |e Cawangan Bandar Tenggara 
999 |a 0001016117   |b Book   |c Adult Collection   |e Cawangan Bandar Tenggara 
999 |a 0001149255   |b Book   |c Adult Collection   |e Cawangan Segamat 
999 |a 0001149256   |b Book   |c Adult Collection   |e Cawangan Muar 
999 |a 0001149258   |b Book   |c Adult Collection   |e Cawangan Mersing